[Event "ESP-ch U16 rapid"]
[Site "Salobrena"]
[Date "2023.07.30"]
[Round "7"]
[White "Iravedra Ainkov, Francisco"]
[Black "Cereijo Suarez, Alejandro"]
[Result "0-1"]
[WhiteElo "1651"]
[BlackElo "1987"]
[PlyCount "76"]
[EventDate "2023.07.29"]
[EventType "swiss (rapid)"]
[EventRounds "9"]
[EventCountry "ESP"]
[SourceTitle "EXT 2024"]
[Source "ChessBase"]
[SourceDate "2023.10.10"]
[SourceVersion "1"]
[SourceVersionDate "2023.10.10"]
[SourceQuality "1"]

1. e4 c5 2. c3 d5 3. exd5 Qxd5 4. d4 Nc6 5. Nf3 Bg4 6. dxc5 Qxd1+ 7. Kxd1 e5 8. b4 0-0-0+ 9. Ke1 e4 10. h3 Bh5 11. g4 exf3 12. gxh5 Nf6 13. Bb5 g6 14. Bxc6 bxc6 15. Be3 Nxh5 16. Nd2 Bg7 17. Rc1 Rd3 18. Ne4 f5 19. Nd6+ Kc7 20. Bd2 Be5 21. Nc4 Re8 22. Kd1 Bf4 23. Kc2 Bxd2 24. Kxd3 Bxc1 25. Rxc1 Nf4+ 26. Kc2 Re2+ 27. Kb3 Rxf2 28. Ne5 Nxh3 29. Rd1 Re2 30. Nxf3 g5 31. Rd6 g4 32. Nd4 Re5 33. Rxc6+ Kb7 34. Rh6 Ng5 35. c6+ Kc7 36. c4 g3 37. Nb5+ Rxb5 38. cxb5 g2 0-1

[Event "Benasque op 42nd"]
[Site "Benasque"]
[Date "2023.07.05"]
[Round "1"]
[White "Alekseenko, Kirill"]
[Black "Iravedra Ainkov, Francisco"]
[Result "1-0"]
[WhiteElo "2674"]
[BlackElo "1875"]
[PlyCount "57"]
[EventDate "2023.07.05"]
[EventType "swiss"]
[EventRounds "9"]
[EventCountry "ESP"]
[SourceTitle "EXT 2024"]
[Source "ChessBase"]
[SourceDate "2023.10.10"]
[SourceVersion "1"]
[SourceVersionDate "2023.10.10"]
[SourceQuality "1"]

1. e4 d6 2. d4 Nf6 3. Nc3 e5 4. Nf3 Nbd7 5. h3 g6 6. dxe5 dxe5 7. Bc4 Bg7 8. 0-0 0-0 9. a4 c6 10. b3 Qa5 11. Qe1 h6 12. Nh4 Nb6 13. b4 Qxb4 14. Bb3 Nc4 15. Nxg6 Re8 16. a5 Be6 17. Ra4 Qd6 18. Nh4 b5 19. axb6 Nxb6 20. Ra6 Bc8 21. Ra1 a5 22. Qe3 Qd4 23. Qg3 Nxe4 24. Bxf7+ Kxf7 25. Qg6+ Kf8 26. Bxh6 Ra7 27. Nxe4 Re6 28. Bxg7+ Rxg7 29. Qxg7+ 1-0

[Event "ESP-ch States U14"]
[Site "Isla"]
[Date "2022.06.25"]
[Round "4"]
[White "Calvo Gonzalez, Jose Felix"]
[Black "Iravedra Ainkov, Francisco"]
[Result "1-0"]
[WhiteElo "2092"]
[BlackElo "1689"]
[PlyCount "83"]
[EventDate "2022.06.23"]
[EventType "swiss"]
[EventRounds "6"]
[EventCountry "ESP"]
[SourceTitle "EXT 2023"]
[Source "ChessBase"]
[SourceDate "2022.10.05"]
[SourceVersion "1"]
[SourceVersionDate "2022.10.05"]
[SourceQuality "1"]

1. e4 d6 2. d4 Nf6 3. Nc3 e5 4. Nf3 Nbd7 5. Bc4 Be7 6. 0-0 0-0 7. a4 c6 8. Qe2 h6 9. Rd1 Qc7 10. Nh4 exd4 11. Rxd4 Ne5 12. Bb3 Nh7 13. Nf5 Bxf5 14. exf5 Bf6 15. Be3 Rfe8 16. Ne4 Be7 17. Ng3 d5 18. Re1 Bc5 19. Rdd1 Bxe3 20. Qxe3 Nf6 21. h3 Re7 22. Qf4 Rae8 23. Re3 Nc4 24. Qxc7 Rxc7 25. Rxe8+ Nxe8 26. Bxc4 dxc4 27. Rd8 Kf8 28. f6 gxf6 29. Nf5 b5 30. a5 h5 31. h4 c5 32. g4 Rc6 33. gxh5 Re6 34. h6 Kg8 35. Ng7 Re1+ 36. Kg2 Rb1 37. Rxe8+ Kh7 38. Nf5 Rxb2 39. Rf8 Kg6 40. h5+ Kh7 41. Rxf7+ Kh8 42. Ne7 1-0

[Event "ESP-chT Regional U14"]
[Site "Gijon"]
[Date "2021.06.17"]
[Round "1.2"]
[White "Fernandez Climent, Albert"]
[Black "Iravedra Ainkov, Francisco"]
[Result "1-0"]
[WhiteElo "1794"]
[BlackElo "1451"]
[PlyCount "63"]
[EventDate "2021.06.17"]
[EventType "team-swiss"]
[EventRounds "6"]
[EventCountry "ESP"]
[SourceTitle "EXT 2022"]
[Source "ChessBase"]
[SourceDate "2021.10.06"]
[SourceVersion "1"]
[SourceVersionDate "2021.10.06"]
[SourceQuality "1"]
[WhiteTeam "Catalunya U14"]
[BlackTeam "Aragon U14"]
[WhiteTeamCountry "ESP"]
[BlackTeamCountry "ESP"]

1. e4 d6 2. d4 Nf6 3. Nc3 Nbd7 4. Nf3 e5 5. dxe5 dxe5 6. Bc4 Bb4 7. 0-0 0-0 8. Nd5 Nxd5 9. Bxd5 c6 10. Bc4 Qc7 11. c3 Bd6 12. Qe2 Nc5 13. a4 Be6 14. b4 Bxc4 15. Qxc4 Ne6 16. Be3 a5 17. Rfb1 Qe7 18. Bb6 axb4 19. cxb4 Bc7 20. Be3 Rfd8 21. b5 c5 22. b6 Bd6 23. a5 Ra6 24. Kh1 h6 25. Nd2 Nd4 26. Qc3 Qh4 27. f3 Qh5 28. Nc4 Be7 29. Bf2 Bg5 30. Nxe5 Bf4 31. Ng4 g6 32. Nf6+ 1-0